000 00780cab a2200229 4500
001 ABS53705
008 090401t1995 xxu||||| |||| 00| 0 eng d
035 _a(Sirsi) u6070
041 _aeng
100 _aHoare, S.
245 _aCooking with gas
260 _c1995
350 _a0
490 _aProperty Week
_v53(3) 19 October 1995, 32-34(3)
520 _aReviews the opportunities and risks involved in the signing of a facilities management contract between British Gas and Chesterton. Looks at how it gives the property consultants `clout` to look to growth in the competitive FM market.
650 _aBRITISH GAS
650 _aCHESTERTON
650 _aFACILITIES MANAGEMENT
_96240
690 _aCOMMERCIAL PROPERTY-MANAGEMENT
942 _n0
948 _c04/03/1997
999 _c3640
_d3640